Southville International School and Colleges
Your cart is empty.
  • Cart
  • Lists
    Public lists Eva Luna New books Lux_list list_1
    Your lists Log in to create your own lists
  • Log in to your account
  • Your cookies
  • Search history
Southville International School and Colleges
  • Advanced search
  • Recent comments
  • Most popular
  • Libraries

Log in to your account

Log in with GOOGLE


If you do not have an external account, but do have a local account, you can still log in:

  1. Home
  2. MARC view: Your pet bear /
Normal view MARC view ISBD view

Your pet bear / (Record no. 110358)

[ view plain ]
MARC details
000 -LEADER
fixed length control field 00736nam a2200193 a 4500
001 - CONTROL NUMBER
control field 1780
005 - DATE AND TIME OF LATEST TRANSACTION
control field 20140414131854.0
008 - FIXED-LENGTH DATA ELEMENTS--GENERAL INFORMATION
fixed length control field 010319s19uu xx 00 eng d
020 ## - INTERNATIONAL STANDARD BOOK NUMBER
International Standard Book Number 0-516-43351-2
050 ## - LIBRARY OF CONGRESS CALL NUMBER
Classification number M 808.3
Item number H232 1980
100 ## - MAIN ENTRY--PERSONAL NAME
Personal name Hamsa, Bobbie
245 ## - TITLE STATEMENT
Title Your pet bear /
Statement of responsibility, etc by Bobbie Hamsa ; illustrations by Tom Dunnington.
260 ## - PUBLICATION, DISTRIBUTION, ETC. (IMPRINT)
Place of publication, distribution, etc Chicago :
Name of publisher, distributor, etc Children Press,
Date of publication, distribution, etc 1980.
300 ## - PHYSICAL DESCRIPTION
Extent 31 p. : ill. ; cm.
440 ## - SERIES STATEMENT/ADDED ENTRY--TITLE
Title Far-fetched pets.
520 ## - SUMMARY, ETC.
Summary, etc Discusses the advatange of having a bear for a pet, such as his ability to dig a good hole and eat all the foods that one hates, and gives instructions for his general care and housing.
650 ## - SUBJECT ADDED ENTRY--TOPICAL TERM
Topical term or geographic name as entry element Bears
General subdivision Anecdotes, facetiae, satire, etc.
Holdings
Withdrawn status Lost status Damaged status Use restrictions Home library Current library Shelving location Date acquired Source of acquisition Total Checkouts Full call number Barcode Date last seen Price effective from Koha item type
        Munich Library Munich Library Main Section 12/28/2004     M 808.3 H232 1980 M0745 04/14/2014 04/14/2014 Books

Your pet bear /

APA

Hamsa B., . (1980). Your pet bear. Chicago: Children Press.

Chicago

Hamsa Bobbie, . 1980. Your pet bear. Chicago: Children Press.

Harvard

Hamsa B., . (1980). Your pet bear. Chicago: Children Press.

MLA

Hamsa Bobbie, . Your pet bear. Chicago: Children Press. 1980.

  • Place hold
  • Print
  • Cite
  • Add to your cart (remove)
  • Save record
    BIBTEX Dublin Core MARCXML MARC (non-Unicode/MARC-8) MARC (Unicode/UTF-8) MARC (Unicode/UTF-8, Standard) MODS (XML) RIS
  • More searches
    Search for this title in:
    Other Libraries (WorldCat) Other Databases (Google Scholar) Online Stores (Bookfinder.com) Open Library (openlibrary.org)

Exporting to Dublin Core...

SOUTHVILLE LIBRARY

Southville International School and Colleges Library

1281 Tropical Ave. Cor. Luxembourg St., BF Homes International, Las Pinas City

Tel. No. 8256374 / 252358 Loc. 117/146

Powered by Koha